000 00642nam a2200241Ia 4500
003 OSt
005 20221005114424.0
006 a|||||r|||| 00| 0
007 ta
008 221004b |||||||| |||| 00| 0 mal d
024 _a58866
037 _cTextual
040 _aCRL
_cCRL
_bmal
041 _2mal
_amal
082 _aV2,1wC695, 32K1
100 _aPillai Umayanalloor Balakrishna Au.
_9593355
245 0 _aAsokan
260 _c1961
650 _a MALAYALAM LITERATURE
_938866
650 _aHISTORY
942 _hV2,1wC695, 32K1
_cTEXL
_2cc
999 _c1031303
_d1031303